00000000nam##2200000za#4500
0019.625059
003CaOODSP
00520200327182202
007ta
008150406|1999||||xxc|||||     f|0| 0 fre|d
020 |a0-662-83794-0
040 |aCaOODSP|bfre
043 |an-cn---
0861 |aMP32-28/98-24F
1101 |aCanada.|bDéveloppement des ressources humaines Canada. |bDirection générale de la recherche appliquée.
24510|aÉtude des nouveaux enfants immigrants qui grandissent en tant que Canadiens / |cpar Morton Beiser et al.
260 |aOttawa - Ontario : |bDéveloppement des ressources humaines Canada. |c1999.
300 |av, 44p. : |bgraphiques, tableaux ; |c28 cm.
4901 |aDocument de travail|vW-98-24F
500 |a«La présente étude analyse les données tirées de l'Enquête longitudinale nationale sur les enfants et les jeunes, et porte principalement sur les facteurs d'ordre familial qui viennent atténuer l'incidence de la pauvreté sur les résultats observés chez l'enfant en matière de santé mentale (troubles de la conduite, hyperactivité, troubles affectifs).»--Sommaire.
504 |aBibliographie.
5203 |aLa présente étude analyse les données tirées de l'Enquête longitudinale nationale sur les enfants et les jeunes, et porte principalement sur les facteurs d'ordre familial qui viennent atténuer l'incidence de la pauvreté sur les résultats observés chez l'enfant en matière de santé mentale (troubles de la conduite, hyperactivité, troubles affectifs).--Sommaire
546 |aAbstract in english
563 |aCouverture souple
590 |a00-14|b2000-04-07
69107|aImmigrant|2gcpds
69107|aPauvreté|2gcpds
69107|aEnfant|2gcpds
69107|aPolitique sociale|2gcpds
7201 |aBeiser, Morton
77508|tGrowing up Canadian: a study of new immigrant children / |w(CaOODSP)9.614679
830#0|aDocument de travail ;|vW-98-24F|w(CaOODSP)9.513149